| 000 | 00433nam a2200169 a 4500 | ||
|---|---|---|---|
| 005 | 20260109153445.0 | ||
| 008 | 260108s2006##################000#0#eng## | ||
| 020 |
_a9780333973770 _qhbk |
||
| 041 | _aeng | ||
| 082 | 0 | 4 |
_a301.01 _bSTO |
| 100 | 1 | _aStones, Rob | |
| 245 | 1 | 0 |
_aStructuration Theory _cRob Stones |
| 260 |
_bPalgrave Macmillan, _c2006. _aNew York |
||
| 300 |
_a225 p. _c24 cm. |
||
| 650 | 0 | _aSociology | |
| 942 | _cENGLISH | ||
| 999 |
_c607897 _d607897 |
||